00943nam a2200193 a 450000100060000000300090000600800410001502000180005604000280007408200170010210000290011924502290014826000440037730000100042150501630043165000450059465000640063965000460070322771CO-ViMGA141112s2004 ck r 000 u spa d a9789588321271 aCO-ViMGAbspacCO-ViMGA04a709.86 G147a1 aGaitán Tobar, Andrés10aSevero revés : bentre fragmentos de espejo y particulas de muerte; andrés gaitán tobar. Me veo y me reflejo, me veo y me rectracto; claudia salamanca. Bogotá : breflexiones sobre arte público; carolina vanegas aColombia : bAlcaldia Mayor de Bogotá a131p. aSevero revés : entre fragmentos de espejo y particulas de muerte. Me veo y me reflejo, me veo y me rectracto. Bogotá : reflexiones sobre arte público.14aARTE COLOMBIANO - ENSAYOS, COMPETENCIAS 14aARTE PUBLICO - Bogotá ( COLOMBIA) - ENSAYOS CONFERENCIAS 14aARTISTAS PLASTICOS COLOMBIANOS - ENSAYOS